Logical Elimination Quiz: Flags - Statistics

General Stats
  • This quiz has been taken 1,180 times
  • The average score is 8 of 15
Answer Stats
Hint Answer % Correct
I have orange on my flag India
78%
I have more than 5 colors on my flag South Africa
73%
My flag DOESN'T have red, white or blue Jamaica
72%
My flag has a moon Turkey
71%
My flag has three vertical stripes France
63%
I have green and red on my flag Italy
63%
My flag has three horizontal stripes Russia
58%
I have black on my flag Egypt
57%
My flag has a star with more than 10 points Argentina
51%
My flag has changed more than 20 times United States
45%
I have yellow on my flag China
39%
I have more than 10 stars on my flag Brazil
35%
I'm the remaining country Japan
31%
My flag has red, white AND blue Australia
30%
My flag is mostly red Norway
27%
No matching quizzes found
Score Distribution
Percent of People with Each Score
Percentile by Number Answered
Your Score History
You have not taken this quiz